Premier League Appearances by Nationality: Georgia - Statistics

General Stats
  • This quiz has been taken 7 times
  • The average score is 2 of 5
Answer Stats
Appearances Player % Correct
5 Giorgi Mamardashvili
83%
102 Georgi Kinkladze
33%
49 Temuri Ketsbaia
33%
28 Mikhail Kavelashvili
0%
62 Zurab Khizanishvili
0%
No matching quizzes found
Score Distribution
Percent of People with Each Score
Percentile by Number Answered
Your Score History
You have not taken this quiz